| 000 | 01159nam0a2200313 4500 | ||
|---|---|---|---|
| 001 | RU\NLR\bibl\117593 | ||
| 005 | 20250617095158.0 | ||
| 010 |
_a5-88759-082-3 _95000 |
||
| 021 |
_aRU _b2000-27890 _91317 |
||
| 035 | _a(NLR Aleph) 000115167 | ||
| 090 |
_a654359 _c654359 |
||
| 100 | _a20001114d2000 |||y0rusy50 ca | ||
| 101 | 0 | _arus | |
| 102 | _aRU | ||
| 105 | _ay ||||||||| | ||
| 200 | 1 | _aНовый порядок исчисления и уплаты НДС предприятиями торговли | |
| 210 |
_aМ. _cГлавбух _d2000 |
||
| 215 |
_a109,[2] с. _d20 |
||
| 225 | 1 | _aБиблиотека журнала "Главбух" | |
| 606 | 0 |
_aТорговля _xНалоговое обложение _yРоссийская Федерация _92125611 _3RU\NLR\auth\661283058 |
|
| 606 | 0 |
_aНалог на добавленную стоимость _yРоссийская Федерация _91550172 _3RU\NLR\auth\66676913 |
|
| 686 | _aУ26(2)141.3 | ||
| 686 | _aХ622.219.3 | ||
| 801 | 0 |
_aRU _bNLR _c20001114 _gPSBO |
|
| 801 | 1 |
_aRU _bNLR _c20001114 |
|
| 852 |
_aNLR _j2000-3/13608 |
||
| 942 | _cBOOK | ||
| 980 | _aNB | ||